01416fam a2200193 a 4500020002300000020001500023082003200038100001600070245004000086250001200126260009000138300003400228520033600262520025600598520030300854526003701157650000801194650002001202 a0470234997 (Wiley) a058223631200a624.15136bWHIcL-39, P-1141 aWhitlow, R.10aBasic soil mechanics /cR. Whitlow. a3rd ed. aHarlow, Essex, England :bLongman Scientific & Technical ;aNew York :bWiley,c1995. axxi, 559 p. :bill. ;c24 cm. aBasic Soil Mechanics has long been established as the standard work on the subject for degree and diploma students of civil engineering and building. The third edition has been fully revised and updated to provide students not only with the basic principles but also with an awareness of state-of-the-art developments in the field.8 aBasic Soil Mechanics is an essential text for BTEC HNC/D and undergraduate degree courses in civil engineering. It will also be a valuable resource for practising engineers engaged in the design and construction of soil-related structures and systems.8 aThe approach to stress/strain behaviour has been reconsidered in the light of modern educational methods and the chapter on earth pressure has been revised to take account of the long-awaited British Standard BS 8002. The book also gives greater emphasis to design methods and the use of computers. a0b0c0d624_151360000000000_WHI 0aMCE 0aSoil mechanics.